| 000 | 01808nam a2200253Ia 4500 | ||
|---|---|---|---|
| 005 | 20250604110356.0 | ||
| 008 | 008 250516s9999 xx 000 0 eng d | ||
| 020 | _a9789361319266 | ||
| 040 |
_aSDCL _beng _cSDCL |
||
| 041 |
_aeng _2eng |
||
| 084 |
_aV2:2'P R5 _qSDCL |
||
| 245 | 0 | _aConstitutional foundings in Southeast Asia | |
| 260 |
_aNew Delhi: _bBloomsbury, _c2025. |
||
| 300 | _axi, 337p. | ||
| 365 |
_aINR _b1299 |
||
| 490 | _aConstitutionalism in Asia | ||
| 520 | _aThis volume focuses on the making, nature, and role of the first modern constitutions at the founding of the modern nation-states in Southeast Asia. These historical essays add richly to our understanding and appreciation of the founding moments and to the theory and practice of constitutionalism in these states. This volume makes three significant contributions. First, it helps plug the wide knowledge gap in comparative constitutional history in Southeast Asia. Second, it furthers our understanding of contemporary constitutional practice and also anticipates possible developmental trajectories in light of the foundational values embedded in and manifested through these constitutions. Third, through the comparative historical study of these early constitutions, plausible theoretical insights may be gained to further our understanding of Southeast Asia's constitutional history. The book is essential reading for those wishing to obtain a deeper understanding of the constitutional foundings of Southeast Asia. | ||
| 650 |
_aConstitutional history -- Southeast Asia _9811676 |
||
| 650 |
_aConstitutional law -- History -- Southeast Asia _9811677 |
||
| 650 |
_aLaw / Comparative, Law / Constitutional _9811678 |
||
| 700 |
_aTan, Kevin YL _9809869 |
||
| 700 |
_aSon, Bui ngoc _9811679 |
||
| 942 |
_cTEXL _2CC _n0 |
||
| 999 |
_c1430047 _d1430047 |
||